000 00392cam a2200169ua 4500
020 _c2.50
041 _amal
_h
082 _a894.812308
_bKOR/LE
100 _aKoruth, P.C .
245 _aLeela saudham /
_cP.C.Koruth.
_hTextual Documents
260 _aThrissur :
_bCurrent Books ,
_c1961.
300 _a206 ; .
365 _a2.50
504 _a
942 _cBK
999 _c900
_d900